书目信息 |
| 题名: |
反化学恐怖医疗手册
|
|
| 作者: | 岳茂兴 主编 | |
| 分册: | ||
| 出版信息: | 北京 清华大学出版社 2004.5 |
|
| 页数: | 345页 | |
| 开本: | 21cm | |
| 丛书名: | ||
| 单 册: | ||
| 中图分类: | R827.1-62 | |
| 科图分类: | ||
| 主题词: | 化学武器--hua xue wu qi--中毒--防治--手册 , 化学武器--hua xue wu qi , 中毒--zhong du | |
| 电子资源: | ||
| ISBN: | 7-302-08415-7 | |
| 000 | 00904cam0 2200277 450 | |
| 001 | 012005050670 | |
| 005 | 20051125155418.72 | |
| 010 | @a7-302-08415-7@dCNY45.00 | |
| 100 | @a20050716d2004 em y0chiy0121 ea | |
| 101 | 0 | @achi |
| 102 | @aCN@b110000 | |
| 105 | @ay z 000yy | |
| 200 | 1 | @a反化学恐怖医疗手册@Afan hua xue kong bu yi liao shou ce@f岳茂兴主编 |
| 210 | @a北京@c清华大学出版社@d2004.5 | |
| 215 | @a345页@d21cm | |
| 320 | @a有书目(第344-345页) | |
| 330 | @a本书分为上篇总论和下篇各论两部分,主要包括:概论;发生化学恐怖事件后的医学应急援救等内容。 | |
| 333 | @a阅读对象:临床医务工作者等 | |
| 606 | 0 | @a化学武器@Ahua xue wu qi@x中毒@x防治@j手册 |
| 606 | 0 | @a化学武器@Ahua xue wu qi |
| 606 | 0 | @a中毒@Azhong du |
| 690 | @aR827.1-62@v4 | |
| 701 | 0 | @a岳茂兴@Ayue mao xing@4主编 |
| 801 | 0 | @aCN@bSRXX@c20051125 |
| 801 | 2 | @aCN@bSRXX@c20051110 |
| 905 | @a10447@dR827.1-62@eY950 | |
| 反化学恐怖医疗手册/岳茂兴主编.-北京:清华大学出版社,2004.5 |
| 345页;21cm |
| 使用对象:阅读对象:临床医务工作者等 |
| ISBN 7-302-08415-7:CNY45.00 |
| 本书分为上篇总论和下篇各论两部分,主要包括:概论;发生化学恐怖事件后的医学应急援救等内容。 |
| ● |
| 相关链接 |
|
|
|
正题名:反化学恐怖医疗手册
索取号:R827.1-62/Y950
 
预约/预借
| 序号 | 登录号 | 条形码 | 馆藏地/架位号 | 状态 | 备注 |
| 1 | 544402 | 205444027 | 自科库401/401自科库 22排2列1层/ [索取号:R827.1-62/Y950] | 在馆 | |
| 2 | 544403 | 205444036 | 自科库401/401自科库 22排2列1层/ [索取号:R827.1-62/Y950] | 在馆 | |
| 3 | 544404 | 205444045 | 自科库401/401自科库 22排2列1层/ [索取号:R827.1-62/Y950] | 在馆 |